| 000 | 00694nam a2200217 u 4500 | ||
|---|---|---|---|
| 005 | 20250924063934.0 | ||
| 008 | 120614s2004 cl r 000 0 spa d | ||
| 020 | _a9583016403 | ||
| 035 | _aUPN01000185096 | ||
| 049 | _aI | ||
| 050 | 4 |
_aPZ78 _bR6.34 |
|
| 100 | 1 |
_aRobleda Moguel, Margarita, _d1950- _936729 |
|
| 245 | 1 | 0 |
_aFiesta de fantasmas / _cMargarita Robleda Moguel ; il. Carlos Manuel Díaz Consuegra. |
| 260 |
_aBogotá : _bPanamericana, _c2004. |
||
| 300 |
_a60 p. : _bprincipalmente il. col. |
||
| 650 | 4 |
_aFantasmas _vLiteratura infantil _911355 |
|
| 650 | 4 |
_aCuentos infantiles mexicanos _97723 |
|
| 650 | 4 |
_aCuentos de terror _92404 |
|
| 905 | _aInfantil | ||
| 999 |
_c157199 _d157199 |
||